000170230 001__ 170230
000170230 005__ 20260407115449.0
000170230 0247_ $$2doi$$a10.17227/rce.num98-22929
000170230 0248_ $$2sideral$$a148707
000170230 037__ $$aART-2026-148707
000170230 041__ $$aspa
000170230 100__ $$0(orcid)0000-0002-0247-1573$$aHernández-Heras, Lucía$$uUniversidad de Zaragoza
000170230 245__ $$aAnálisis cuantitativo-descriptivo de las obras recomendadas en Planes Nacionales de Lectura iberoamericanos
000170230 260__ $$c2026
000170230 5060_ $$aAccess copy available to the general public$$fUnrestricted
000170230 5203_ $$aDesde 2003, los países iberoamericanos han situado la lectura como asunto prioritario de su política pública a través de los Planes Nacionales de Lectura. Dado su impacto en la formación de lectores, se presenta un estudio cuantitativo con el objeto de determinar las características de las obras recomendadas por Argentina, Chile y Uruguay en el marco de sus Planes Nacionales de Lectura de Educación Infantil y Primaria y analizar los métodos de taxonomización que emplean para categorizarlas. Para ello, se creó una base de datos de 286 títulos, que fueron clasificados mediante taxonomías incluidas en los documentos oficiales y otras creadas ad hoc. A continuación, se aplicaron estadísticos descriptivos. Los resultados muestran el interés por dirigir la formación de los lectores hacia conceptos de reflexión identitaria y hacia un modelo de educación literaria basado en los presupuestos de la Estética de la Recepción al demandar la participación de un lector activo.
000170230 536__ $$9info:eu-repo/grantAgreement/ES/DGA/S61-23R$$9info:eu-repo/grantAgreement/ES/MICINN/PID2021-1263920B-I00
000170230 540__ $$9info:eu-repo/semantics/openAccess$$aby-nc$$uhttps://creativecommons.org/licenses/by-nc/4.0/deed.es
000170230 655_4 $$ainfo:eu-repo/semantics/article$$vinfo:eu-repo/semantics/publishedVersion
000170230 700__ $$0(orcid)0000-0001-9476-8472$$aLaliena-Cantero, Daniel$$uUniversidad de Zaragoza
000170230 700__ $$0(orcid)0000-0002-2332-5807$$aTabernero-Sala, Rosa$$uUniversidad de Zaragoza
000170230 7102_ $$14013$$2195$$aUniversidad de Zaragoza$$bDpto. Didácticas Específicas$$cÁrea Didáctica Lengua y Liter.
000170230 773__ $$g98 (2026), e22929 [26 pp.]$$tRevista Colombiana de Educacion$$x2323-0134
000170230 8564_ $$s679463$$uhttps://zaguan.unizar.es/record/170230/files/texto_completo.pdf$$yVersión publicada
000170230 8564_ $$s1721539$$uhttps://zaguan.unizar.es/record/170230/files/texto_completo.jpg?subformat=icon$$xicon$$yVersión publicada
000170230 909CO $$ooai:zaguan.unizar.es:170230$$particulos$$pdriver
000170230 951__ $$a2026-03-26-14:32:10
000170230 980__ $$aARTICLE